Online
Catalog
Normal view MARC view

Entry Término temático

Number of records used in: 2

001 - NÚMERO DE CONTROL

  • campo de control: 54110

003 - IDENTIFICADOR DEL NÚMERO DE CONTROL

  • campo de control: OSt

005 - FECHA Y HORA DE LA ÚLTIMA TRANSACCIÓN

  • campo de control: 20200615034556.0

008 - DATOS DE LONGITUD FIJA

  • campo de control de longitud fija: 200615|| aca||aabn | a|a d

040 ## - FUENTE DE LA CATALOGACIÓN

  • Centro catalogador/agencia de origen: OSt
  • Centro/agencia transcriptor: OSt

150 ## - ENCABEZAMIENTO--TÉRMINO DE MATERIA

  • Término de materia o nombre geográfico como elemento de entrada: POLÍTICA DE INFORMACIÓN
  • Subdivisión general: CONGRESOS, CONFERENCIAS, ETC

670 ## - FUENTE DE DATOS ENCONTRADOS

  • Cita de la fuente: Work cat.: (OSt)26502: Congreso Latinoamericano sobre Aspectos Administrativos de la Informática (2º 5-6 abr. de 1979 Santo Domingo, República Dominicana) 54108, Aspectos administrativos de la informática., [1979?].

Powered by Koha